00502nam a22001937a 450000500170000000800410001704000070005804100120006508200210007710000130009824500380011125000060014926000310015530000160018636500550020244000140025765000080027165000290027920241212105330.0241212b ||||| |||| 00| 0 eng d cAL aEnglish 223a349.42bHAIH aHailsham aHalsburys Laws of England: Vol 55 a4 aLondonbButterworthsc1992 a1204 p.bHB a1061b₹4962.80c₹d₹6845.24e27%f28-11-2024 aVolume 55 aLaw aConsolidated Index (A-H)